| 000 | 00632nmm a2200253 a 4500 | ||
|---|---|---|---|
| 003 | AR-BaBNM | ||
| 005 | 20251128202921.0 | ||
| 008 | 307019s1987 ||||||||||||||000 | spa|| | ||
| 040 | _cAR-BaBNM | ||
| 100 | 1 | _aCamuffo, Marta A. | |
| 245 | 1 | 0 | _aNormativa actualizada |
| 260 |
_aBuenos Aires _bMagisterio del Río de la Plata _c1987 |
||
| 300 | 0 | _a253 p. | |
| 521 | _aSECUNDARIO | ||
| 650 | 4 | _aNORMALIZACION | |
| 650 | 4 | _aORTOGRAFIA | |
| 650 | 4 | _aACENTUACION | |
| 650 | 4 | _aGRAMATICA | |
| 653 | _aENSENANZA DE LA LENGUA | ||
| 700 | 1 | _aFernández, Alberto | |
| 700 | 1 | _aScarabino, Clara | |
| 942 | _cBK | ||
| 998 | _cCarmen | ||
| 999 |
_c1172 _d1172 |
||